|
|
|
|
| LEADER |
00000nam0a2200000 4500 |
| 001 |
298286 |
| 005 |
20231102001105.0 |
| 035 |
|
|
|a (RuTPU)RU\TPU\book\323429
|
| 090 |
|
|
|a 298286
|
| 100 |
|
|
|a 20150617d1984 km y0rusy50 ca
|
| 101 |
0 |
|
|a rus
|
| 102 |
|
|
|a RU
|
| 105 |
|
|
|a a a 001zb
|
| 200 |
1 |
|
|a Владимир Максимилианович Тимофеев. 1884-1935
|f В. А. Соколов
|g Академия наук СССР (АН СССР) ; под ред. Б. С. Соколова
|
| 210 |
|
|
|a Ленинград
|c Наука
|d 1984
|
| 215 |
|
|
|a 123 с.
|c ил.
|
| 225 |
1 |
|
|a Научно-биографическая серия
|
| 320 |
|
|
|a Библиогр.: с. 115-119
|
| 320 |
|
|
|a Именной указатель: с. 120-122
|
| 600 |
|
1 |
|a Тимофеев
|b В. М.
|c ученый -геолог
|c петрограф
|f 1884-1935
|g Владимир Максимилианович
|2 stltpush
|3 (RuTPU)RU\TPU\pers\40961
|
| 606 |
1 |
|
|a Геологи
|x Персоналии
|2 stltpush
|3 (RuTPU)RU\TPU\subj\67544
|9 83301
|
| 610 |
1 |
|
|a геология
|
| 610 |
1 |
|
|a докембрий
|
| 610 |
1 |
|
|a петрография
|
| 610 |
1 |
|
|a палеовулканология
|
| 610 |
1 |
|
|a минеральное сырье
|
| 610 |
1 |
|
|a Кольский регион
|
| 675 |
|
|
|a 55(092)
|v 4
|
| 700 |
|
1 |
|a Соколов
|b В. А.
|
| 702 |
|
1 |
|a Соколов
|b Б. С.
|4 340
|
| 712 |
0 |
2 |
|a Академия наук СССР (АН СССР)
|c (Ленинград/Москва)
|c (1925-1991)
|2 stltpush
|3 (RuTPU)RU\TPU\col\722
|
| 801 |
|
1 |
|a RU
|b 63413507
|c 20150617
|
| 801 |
|
2 |
|a RU
|b 63413507
|c 20180531
|g RCR
|
| 942 |
|
|
|c BK
|